Photoelectric photometry (Record no. 7863)
[ view plain ]
| 000 -LEADER | |
|---|---|
| fixed length control field | 00849nam a2200217Ia 4500 |
| 003 - CONTROL NUMBER IDENTIFIER | |
| control field | IN-BaIIA |
| 008 - FIXED-LENGTH DATA ELEMENTS--GENERAL INFORMATION | |
| fixed length control field | 211028s9999 xx 000 0 eng d |
| 040 ## - CATALOGING SOURCE | |
| Transcribing agency | IIA Library |
| 080 ## - UNIVERSAL DECIMAL CLASSIFICATION NUMBER | |
| Universal Decimal Classification number | 528.7(082.1) |
| Item number | PHO |
| 111 ## - MAIN ENTRY--MEETING NAME | |
| Meeting name or jurisdiction name as entry element | Symposium Photoelectric Photometry |
| Number of part/section/meeting | 2nd |
| Location of meeting | New Zeland |
| Date of meeting or treaty signing | 1982 May 10-12 |
| 9 (RLIN) | 13273 |
| 245 #0 - TITLE STATEMENT | |
| Title | Photoelectric photometry |
| Remainder of title | proceedings of the second New Zeland symposium, Auckland, New Zeland May 10-12, 1982 |
| Statement of responsibility, etc. | edited by G. L. Blow and McIntosh R. |
| 260 ## - PUBLICATION, DISTRIBUTION, ETC. | |
| Place of publication, distribution, etc. | New Zealand |
| Name of publisher, distributor, etc. | Royal Astronomical Society |
| Date of publication, distribution, etc. | 1982 |
| 300 ## - PHYSICAL DESCRIPTION | |
| Extent | 209p. |
| 490 ## - SERIES STATEMENT | |
| Series statement | Southern stars; v. 30 |
| 650 ## - SUBJECT ADDED ENTRY--TOPICAL TERM | |
| Topical term or geographic name entry element | Astronomy and astrophysics thesaurus |
| 650 ## - SUBJECT ADDED ENTRY--TOPICAL TERM | |
| Topical term or geographic name entry element | Photoelectric photometry |
| 9 (RLIN) | 2971 |
| 650 ## - SUBJECT ADDED ENTRY--TOPICAL TERM | |
| Topical term or geographic name entry element | Photometry |
| 9 (RLIN) | 1839 |
| 700 ## - ADDED ENTRY--PERSONAL NAME | |
| Personal name | Blow, G. L., ed. |
| 9 (RLIN) | 13274 |
| 700 ## - ADDED ENTRY--PERSONAL NAME | |
| Personal name | McIntosh, R., ed. |
| 9 (RLIN) | 13275 |
| 942 ## - ADDED ENTRY ELEMENTS (KOHA) | |
| Koha item type | Books |
| 952 ## - LOCATION AND ITEM INFORMATION (KOHA) | |
| -- | 23.00 |
| Withdrawn status | Lost status | Damaged status | Not for loan | Home library | Current library | Shelving location | Date acquired | Total Checkouts | Full call number | Barcode | Date last seen | Price effective from | Koha item type |
|---|---|---|---|---|---|---|---|---|---|---|---|---|---|
| IIA Library-Bangalore | IIA Library-Bangalore | General Stacks | 29/02/1984 | 528.7(082.1)/ PHO | 8684 | 05/11/2021 | 29/02/1984 | Books |